000 00758nam a2200181Ia 4500
008 151202s9999||||xx |||||||||||||| ||und||
082 _bPNVM-48900
100 _aफडणीस शंकुतला.
245 _aपैज जिंकली छोट्यानं आणि इतर कथा.
260 _b"मेहता पब्लिशिंग हाऊस, पुणे."
260 _c2006
300 _a30
600 _aफडणीस शंकुतला.
630 _aपैज जिंकली छोट्यानं आणि इतर कथा.
700 _aफडणीस शंकुतला.
730 _aपैज जिंकली छोट्यानं आणि इतर कथा.
942 _cBOOK
999 _c1314837
_d1314834